[Event "GER-chT Youth Countries 2018"]
[Site "Wurzburg"]
[Date "2018.10.03"]
[Round "1"]
[White "Ley, Sabrina"]
[Black "Focke, Adrian"]
[Result "1-0"]
[WhiteElo "1902"]
[BlackElo "1804"]
[Annotator "NA"]
[PlyCount "127"]
[EventDate "2018.10.03"]
[EventType "team-tourn"]
[EventCountry "GER"]
[SourceTitle "playchess.com"]
[Source "ChessBase"]
[SourceQuality "1"]
[TimeControl "40/5400+30:1800+30"]

1. e4 {[%emt 0:00:00]} c5 {[%emt 0:00:00]} 2. Nc3 {[%emt 0:00:00]} e6 {[%emt 0:00:02]} 3. Nge2 {[%emt 0:00:00]} Nc6 {[%emt 0:00:50]} 4. g3 {[%emt 0:00:00]} g6 {[%emt 0:01:28]} 5. d4 {[%emt 0:01:54]} cxd4 {[%emt 0:01:11]} 6. Nxd4 {[%emt 0:00:23]} Bg7 {[%emt 0:00:16] B23: Closed Sicilian: Lines without g3} (6... d6 7. Bg2 a6 8. O-O Bd7 9. a4 Bg7 10. Nxc6 Bxc6 11. Bf4 Be5 12. Be3 Ne7 13. Qd2 O-O 14. Rfd1 {1-0 (38) Popovic,D (2569)-Bojovic,D (2320) Valjevo 2011}) 7. Ndb5 {[%emt 0:06:36]} Nf6 {[%emt 0:15:03]} 8. Nd6+ {[%emt 0:03:36]} Kf8 {[%emt 0:01:06]} 9. Be3 {[%emt 0:17:20]} a6 {[%emt 0:03:18]} 10. Na4 {[%emt 0:14:13]} b5 $146 {[%emt 0:17:12]} ({Predecessor:} 10... Kg8 11. Nb6 Rb8 12. Nbxc8 Rxc8 13. Nxc8 Qxc8 14. Bg2 {1-0 (47) Hennink,W-Wagenaar,H Netherlands 2001}) 11. Nb6 {[%emt 0:11:07]} Rb8 {[%emt 0:00:12]} 12. Nbxc8 {[%emt 0:01:41]} Rxc8 {[%emt 0:00:59]} 13. Nxc8 {[%emt 0:01:40]} Qxc8 {[%emt 0:00:03]} 14. Bg2 {[%emt 0:01:21]} h5 {[%emt 0:02:40]} 15. h3 {[%emt 0:04:37]} d5 {[%emt 0:04:45]} 16. exd5 {[%emt 0:06:03]} Nxd5 {[%emt 0:01:22]} 17. Bxd5 {[%emt 0:13:07]} exd5 {[%emt 0:00:57]} 18. c3 {[%emt 0:02:54]} Qe6 {[%emt 0:03:24]} 19. Qd2 {[%emt 0:07:53]} d4 $18 {[%emt 0:04:42]} 20. cxd4 {[%emt 0:00:41]} Bxd4 {[%emt 0:00:55]} 21. O-O {[%emt 0:01:55]} Bf6 {[%emt 0:06:52]} 22. h4 {[%emt 0:01:28]} Ne5 {[%emt 0:06:35]} 23. Bc5+ {[%emt 0:01:16]} Kg7 {[%emt 0:00:20]} 24. Qe3 {[%emt 0:00:19]} Qc6 {[%emt 0:10:20]} 25. f3 {[%emt 0:00:35]} Rd8 {[%emt 0:03:26]} 26. Rac1 {[%emt 0:01:34]} Nc4 {[%emt 0:02:04]} 27. Qf2 {[%emt 0:00:21]} Rd2 {[%emt 0:04:09]} 28. Qxd2 {[%emt 0:00:22]} Qxc5+ {[%emt 0:03:32]} 29. Kg2 {[%emt 0:00:44]} Ne3+ {[%emt 0:04:01]} 30. Kh1 {[%emt 0:00:36]} Nxf1 {[%emt 0:00:13]} 31. Rxf1 {[%emt 0:00:00]} Qe5 {[%emt 0:00:17]} 32. Kg2 {[%emt 0:00:30]} Qxb2 {[%emt 0:00:36]} 33. Qxb2 {[%emt 0:00:10]} Bxb2 {[%emt 0:00:03]} 34. Rd1 {[%emt 0:00:22]} b4 {[%emt 0:02:47]} 35. Rd6 {[%emt 0:00:21]} a5 {[%emt 0:00:07]} 36. Ra6 {[%emt 0:00:32]} Bc3 {[%emt 0:00:04]} 37. Kf2 {[%emt 0:00:16]} Bd2 {[%emt 0:01:45]} 38. Ke2 {[%emt 0:00:24]} Bc3 {[%emt 0:00:03]} 39. Kf1 {[%emt 0:00:59]} Bd2 {[%emt 0:00:06]} 40. Ke2 {[%emt 0:00:03]} Bc3 {[%emt 0:00:05]} 41. Ra7 {[%emt 0:10:27]} Be5 {[%emt 0:06:24]} 42. g4 {[%emt 0:04:52]} hxg4 {[%emt 0:02:38]} 43. fxg4 {[%emt 0:00:08]} Bf6 {[%emt 0:05:29]} 44. h5 {[%emt 0:06:08]} Bd8 {[%emt 0:10:08]} 45. Kf3 {[%emt 0:01:05]} Kh6 {[%emt 0:03:52]} 46. Rd7 {[%emt 0:06:25]} Bg5 {[%emt 0:02:02]} 47. Rxf7 {[%emt 0:01:57]} gxh5 {[%emt 0:01:07]} 48. gxh5 {[%emt 0:00:17]} Kxh5 {[%emt 0:00:06]} 49. Ra7 {[%emt 0:00:22]} Bd8 {[%emt 0:00:59]} 50. Ra8 {[%emt 0:00:42]} Bc7 {[%emt 0:00:16]} 51. Ke4 {[%emt 0:00:12]} Kg6 {[%emt 0:01:10]} 52. Kd5 {[%emt 0:01:16]} Kf6 {[%emt 0:00:39]} 53. Kc6 {[%emt 0:01:39]} Be5 {[%emt 0:01:37]} 54. Rxa5 {[%emt 0:00:31]} Bc3 {[%emt 0:00:08]} 55. Rd5 {[%emt 0:01:41]} Ke6 {[%emt 0:00:38]} 56. Rh5 {[%emt 0:01:00]} Ke7 {[%emt 0:00:39]} 57. Kc5 {[%emt 0:00:37]} Ke6 {[%emt 0:00:54]} 58. Kc4 {[%emt 0:00:08]} Kd6 {[%emt 0:00:05]} 59. a3 {[%emt 0:00:19]} Kc6 {[%emt 0:01:37]} 60. axb4 {[%emt 0:00:16]} Be1 {[%emt 0:00:04]} 61. Rh6+ {[%emt 0:00:15]} Kc7 {[%emt 0:00:08]} 62. Kb5 {[%emt 0:00:25]} Bd2 {[%emt 0:00:14]} 63. Rh2 {[%emt 0:00:53]} Be1 {[%emt 0:00:06]} 64. Re2 {[%emt 0:00:14]} 1-0

[Event "GER-chT Youth Countries 2018"]
[Site "Wurzburg"]
[Date "2018.10.03"]
[Round "1"]
[White "von Krosigk, Florian"]
[Black "Arakelian, Aik"]
[Result "*"]
[WhiteElo "1897"]
[BlackElo "1879"]
[Annotator "NA RC"]
[PlyCount "29"]
[EventDate "2018.10.03"]
[EventType "team-tourn"]
[EventCountry "GER"]
[SourceTitle "playchess.com"]
[Source "ChessBase"]
[SourceQuality "1"]
[TimeControl "40/5400+30:1800+30"]

1. e4 e5 2. Nf3 Nc6 3. Bc4 Nf6 4. d3 Bc5 5. O-O d6 6. c3 Bb6 7. Nbd2 O-O 8. Bb3 a6 9. h3 g6 10. Bc2 h6 11. Re1 Re8 12. Nf1 d5 13. exd5 Nxd5 14. Bb3 Nf4 15. Ng3 *

[Event "GER-chT Youth Countries 2018"]
[Site "Wurzburg"]
[Date "2018.10.03"]
[Round "1"]
[White "von Krosigk, Florian"]
[Black "Arakelian, Aik"]
[Result "1-0"]
[WhiteElo "1897"]
[BlackElo "1879"]
[Annotator "NA"]
[PlyCount "89"]
[EventDate "2018.10.03"]
[EventType "team-tourn"]
[EventCountry "GER"]
[SourceTitle "playchess.com"]
[Source "ChessBase"]
[SourceQuality "1"]
[TimeControl "40/5400+30:1800+30"]

1. e4 e5 2. Nf3 Nc6 3. Bc4 Nf6 4. d3 Bc5 5. O-O d6 6. c3 Bb6 7. Nbd2 O-O 8. Bb3 a6 9. h3 Be6 10. Bc2 h6 11. Re1 Re8 12. Nf1 d5 13. exd5 Nxd5 14. Ne3 Nf4 15. Ng4 Bxg4 16. hxg4 Qf6 17. Bxf4 Qxf4 18. Re4 Qf6 19. Qe2 Re7 20. Re1 Ba7 21. d4 Rae8 22. d5 Nb8 23. c4 Bc5 24. a3 a5 25. Qd2 Qb6 26. Rxe5 Rxe5 27. Rxe5 Rxe5 28. Nxe5 Bd4 29. Nd3 Nd7 30. b4 axb4 31. axb4 Nf6 32. c5 Qa6 33. Nf4 Qa1+ 34. Qd1 Nxg4 35. Qxa1 Bxa1 36. Be4 g5 37. Nd3 Nf6 38. d6 c6 39. Bf5 Nd5 40. Bc8 b6 41. Bb7 bxc5 42. bxc5 Kf8 43. Bxc6 Nf6 44. Ba4 Nd5 45. c6 1-0

[Event "GER-chT Youth Countries 2018"]
[Site "Wurzburg"]
[Date "2018.10.03"]
[Round "1"]
[White "Bui, Ngoc Han Julia"]
[Black "Halas, Julia"]
[Result "1-0"]
[WhiteElo "1876"]
[BlackElo "1972"]
[Annotator "NA"]
[PlyCount "69"]
[EventDate "2018.10.03"]
[EventType "team-tourn"]
[EventCountry "GER"]
[SourceTitle "playchess.com"]
[Source "ChessBase"]
[SourceQuality "1"]
[TimeControl "40/5400+30:1800+30"]

1. e4 {[%emt 0:00:00]} e6 {[%emt 0:00:00]} 2. d4 {[%emt 0:00:00]} d5 {[%emt 0:00:00]} 3. Nc3 {[%emt 0:00:00]} Nf6 {[%emt 0:00:00]} 4. e5 {[%emt 0:00:00]} Nfd7 {[%emt 0:00:00]} 5. f4 {[%emt 0:00:04]} c5 {[%emt 0:00:02]} 6. Nf3 {[%emt 0:00:14]} Nc6 {[%emt 0:00:11]} 7. Be3 {[%emt 0:00:31]} Be7 {[%emt 0:00:07]} 8. Qd2 {[%emt 0:00:13]} O-O {[%emt 0:00:07]} 9. dxc5 {[%emt 0:00:25]} Qa5 {[%emt 0:00:37]} 10. O-O-O {[%emt 0:00:37]} b6 {[%emt 0:00:19]} 11. Bb5 {[%emt 0:01:32]} Bb7 {[%emt 0:00:06]} 12. Kb1 {[%emt 0:01:03]} Kh8 {[%emt 0:00:14]} 13. cxb6 {[%emt 0:00:27]} axb6 {[%emt 0:01:38]} 14. Nd4 {[%emt 0:01:53]} Rfc8 {[%emt 0:01:11]} 15. Nb3 {[%emt 0:01:26]} Qa7 {[%emt 0:00:30]} 16. a3 {[%emt 0:07:31]} Nc5 {[%emt 0:04:28]} 17. Bxc6 {[%emt 0:10:34]} Bxc6 {[%emt 0:01:13]} 18. Qf2 {[%emt 0:03:31]} Qb7 {[%emt 0:12:24]} 19. Bd4 {[%emt 0:27:33]} Na4 {[%emt 0:45:12]} 20. Nxa4 {[%emt 0:06:59]} Bxa4 {[%emt 0:00:30]} 21. f5 {[%emt 0:05:55]} Qc6 {[%emt 0:25:51]} 22. f6 {[%emt 0:04:50]} gxf6 {[%emt 0:00:26]} 23. exf6 {[%emt 0:00:52]} Bf8 {[%emt 0:01:20]} 24. Rd3 {[%emt 0:05:35]} b5 {[%emt 0:02:24]} 25. Rc3 {[%emt 0:02:42]} Qd6 {[%emt 0:01:30]} 26. Bc5 {[%emt 0:02:40]} Qd8 {[%emt 0:01:16]} 27. Bxf8 {[%emt 0:05:16]} Qxf8 {[%emt 0:00:01]} 28. Rh3 {[%emt 0:00:35]} b4 {[%emt 0:00:55]} 29. Qh4 {[%emt 0:01:17]} h6 {[%emt 0:00:54]} 30. Qf4 {[%emt 0:02:55]} Kh7 {[%emt 0:00:20]} 31. Rg3 {[%emt 0:01:38]} Rc4 {[%emt 0:00:32]} 32. Qd2 {[%emt 0:01:39]} Kh8 {[%emt 0:00:57]} 33. Rg7 {[%emt 0:00:55]} Rh4 {[%emt 0:00:05]} 34. Qd3 {[%emt 0:00:37]} Re4 {[%emt 0:00:16]} 35. Qh3 {[%emt 0:00:19]} 1-0

[Event "GER-chT Youth Countries 2018"]
[Site "Wurzburg"]
[Date "2018.10.03"]
[Round "1"]
[White "Browning, Rebecca"]
[Black "Genov, Valentin"]
[Result "1-0"]
[WhiteElo "1873"]
[BlackElo "1756"]
[Annotator "NA RC"]
[PlyCount "35"]
[EventDate "2018.10.03"]
[EventType "team-tourn"]
[EventCountry "GER"]
[SourceTitle "playchess.com"]
[Source "ChessBase"]
[SourceQuality "1"]
[TimeControl "40/5400+30:1800+30"]

{[%evp 26,35,513,564,556,564,658,530,590,625,951,1002]} 1. e4 {[%emt 0:00:00]} c5 {[%emt 0:00:00]} 2. d4 {[%emt 0:00:30]} cxd4 {[%emt 0:00:30]} 3. c3 {[%emt 0:00:30]} e6 {[%emt 0:01:40]} 4. cxd4 {[%emt 0:01:26]} Nf6 {[%emt 0:03:01]} 5. Nc3 {[%emt 0:03:02]} Bb4 {[%emt 0:01:55]} 6. Bd3 {[%emt 0:01:28]} Qa5 {[%emt 0:04:32]} 7. Nge2 {[%emt 0:02:25]} Nc6 {[%emt 0:01:34]} 8. O-O {[%emt 0:01:20]} b5 {[%emt 0:22:42]} 9. Nxb5 {[%emt 0:10:59]} Nxe4 {[%emt 0:00:39]} 10. Bf4 {[%emt 0:01:22]} O-O {[%emt 0:06:02]} 11. Nc7 {[%emt 0:00:25]} Rb8 {[%emt 0:02:52]} 12. Bxe4 {[%emt 0:00:35]} e5 {[%emt 0:00:11]} 13. dxe5 {[%emt 0:01:06]} Qxc7 {[%emt 0:04:27] [#]} 14. e6 $1 {[%emt 0:00:11]} d6 {[%emt 0:00:04]} 15. Rc1 {[%emt 0:01:09]} Bb7 {[%emt 0:01:07]} 16. exf7+ {[%emt 0:00:19]} Kh8 {[%emt 0:00:50]} 17. a3 {[%emt 0:00:37]} Bc5 {[%emt 0:08:50] [#]} 18. Rxc5 $18 {[%emt 0:00:23]} 1-0

[Event "GER-chT Youth Countries 2018"]
[Site "Wurzburg"]
[Date "2018.10.03"]
[Round "1"]
[White "Koenze, Heike"]
[Black "Lutz, Adam"]
[Result "1-0"]
[WhiteElo "1845"]
[BlackElo "1787"]
[Annotator "NA"]
[PlyCount "79"]
[EventDate "2018.10.03"]
[EventType "team-tourn"]
[EventCountry "GER"]
[SourceTitle "playchess.com"]
[Source "ChessBase"]
[SourceQuality "1"]
[TimeControl "40/5400+30:1800+30"]

1. e4 {[%emt 0:00:00]} c5 {[%emt 0:00:00]} 2. Nf3 {[%emt 0:00:04]} e6 {[%emt 0:00:00]} 3. d4 {[%emt 0:00:12]} cxd4 {[%emt 0:00:00]} 4. Nxd4 {[%emt 0:00:09]} Nf6 {[%emt 0:00:00]} 5. Bd3 {[%emt 0:02:25]} a6 {[%emt 0:01:22]} 6. a4 {[%emt 0:09:04]} Be7 {[%emt 0:01:00]} 7. Nc3 {[%emt 0:01:33]} d6 {[%emt 0:00:22]} 8. O-O {[%emt 0:01:13]} O-O {[%emt 0:01:04]} 9. Be3 {[%emt 0:04:15] B42: Sizilianisch (Paulsen-Variante)} (9. a5 e5 10. Nb3 Be6 11. Nd5 Nxd5 12. exd5 Bc8 13. Be3 Nd7 14. c4 g6 15. Qd2 f5 16. f3 Nf6 {1-0 (36) Tsydypov,Z (2520)-Tran,M (2335) St Petersburg 2018}) 9... Qc7 {[%emt 0:02:04]} 10. f4 {[%emt 0:02:52]} Nbd7 {[%emt 0:01:31]} 11. Nb3 {[%emt 0:02:38]} b6 {[%emt 0:03:12]} 12. Qe2 {[%emt 0:08:47]} Bb7 {[%emt 0:02:26]} 13. Rad1 {[%emt 0:01:21]} Rfe8 {[%emt 0:03:22]} 14. Bf2 $146 {[%emt 0:04:28]} ({Vorgänger:} 14. Kh1 Nc5 15. Nxc5 bxc5 {0-1 (35) Banegas Gomez,R-Ayza Ballester,J (2315) Ponferrada 1992}) 14... Nc5 {[%emt 0:06:20]} 15. Nxc5 {[%emt 0:01:02]} bxc5 {[%emt 0:00:16]} 16. Bg3 {[%emt 0:08:05]} Qb6 {[%emt 0:02:59]} 17. a5 {[%emt 0:04:47]} Qxa5 {[%emt 0:05:03]} 18. e5 {[%emt 0:00:19]} Nd5 {[%emt 0:05:03]} 19. Nxd5 {[%emt 0:02:00]} exd5 {[%emt 0:01:40]} 20. e6 {[%emt 0:01:51]} Rf8 {[%emt 0:05:11]} 21. c3 {[%emt 0:06:57]} Qb6 {[%emt 0:03:39]} 22. Bb1 {[%emt 0:01:53]} a5 {[%emt 0:04:44]} 23. Rf2 {[%emt 0:05:02]} f5 {[%emt 0:04:26]} 24. Kh1 {[%emt 0:04:19]} g6 {[%emt 0:03:28]} 25. Ba2 {[%emt 0:00:57]} c4 {[%emt 0:02:20]} 26. Rff1 {[%emt 0:00:47]} a4 {[%emt 0:04:13]} ({Better is} 26... Bf6 $17 27. Bf2 Qc7) 27. Bf2 {[%emt 0:02:15]} Qb5 {[%emt 0:02:01]} (27... Qc7 $17) 28. Bd4 $11 {[%emt 0:01:27]} Rab8 {[%emt 0:02:34]} 29. Rd2 {[%emt 0:05:10]} Rbe8 {[%emt 0:05:08]} 30. Bb1 {[%emt 0:02:01]} Bc8 {[%emt 0:03:30]} 31. g4 {[%emt 0:00:28]} Bf6 {[%emt 0:03:18]} 32. gxf5 {[%emt 0:01:51]} Bxd4 {[%emt 0:00:42]} 33. cxd4 {[%emt 0:00:27]} gxf5 {[%emt 0:00:44]} 34. Rg1+ {[%emt 0:01:16]} Kh8 {[%emt 0:00:21]} 35. Bxf5 {[%emt 0:00:43]} Rxf5 {[%emt 0:03:50]} 36. Qg4 {[%emt 0:00:18]} Rf7 {[%emt 0:00:19]} 37. Rdg2 {[%emt 0:00:55]} h6 {[%emt 0:03:29]} 38. Qg8+ {[%emt 0:00:13]} Rxg8 {[%emt 0:00:11]} 39. Rxg8+ {[%emt 0:00:04]} Kh7 {[%emt 0:00:16]} 40. exf7 {[%emt 0:00:09]} 1-0

[Event "GER-chT Youth Countries 2018"]
[Site "Wurzburg"]
[Date "2018.10.03"]
[Round "1"]
[White "Bashylina, Luisa"]
[Black "Ruhmke, Rebecca"]
[Result "1-0"]
[WhiteElo "1837"]
[BlackElo "1399"]
[Annotator "NA"]
[PlyCount "86"]
[EventDate "2018.10.03"]
[EventType "team-tourn"]
[EventCountry "GER"]
[SourceTitle "playchess.com"]
[Source "ChessBase"]
[SourceQuality "1"]
[TimeControl "40/5400+30:1800+30"]

1. e4 {[%emt 0:00:00]} d5 {[%emt 0:00:00]} 2. exd5 {[%emt 0:00:00]} Nf6 {[%emt 0:00:10]} 3. Nc3 {[%emt 0:00:36]} Nxd5 {[%emt 0:01:05]} 4. Bc4 {[%emt 0:00:45]} Nb6 {[%emt 0:01:53]} 5. Be2 {[%emt 0:03:27]} Nc6 {[%emt 0:03:20]} 6. Nf3 {[%emt 0:00:46]} e5 {[%emt 0:06:01] B02: Alekhine's Defence: Chase Variation and lines with early Nc3} (6... Bf5 7. O-O e6 8. d3 Be7 9. Be3 O-O 10. Re1 Qd7 11. a3 Rad8 12. Qc1 Rfe8 13. Ne4 h6 14. Nfd2 {0-1 (43) Pandurevic,M (2286)-Zelcic,R (2587) Bizovac 2008}) 7. d3 {[%emt 0:05:59]} Bd6 $146 {[%emt 0:08:37]} ({Predecessor:} 7... Be7 8. O-O {½-½ (8) Nogueira,I (2253)-Borges,L (2227) Serra Negra 2002}) 8. Be3 {[%emt 0:04:24]} O-O {[%emt 0:06:02]} 9. O-O {[%emt 0:05:47]} Bf5 {[%emt 0:09:22]} 10. a4 {[%emt 0:04:14]} Re8 {[%emt 0:08:36]} 11. Nd2 {[%emt 0:01:38]} Qf6 {[%emt 0:03:46]} 12. a5 {[%emt 0:03:38]} Nd7 {[%emt 0:00:46]} 13. Nc4 {[%emt 0:02:41]} Nd4 {[%emt 0:08:24]} 14. Bf3 {[%emt 0:09:59]} c6 {[%emt 0:08:15]} 15. Be4 {[%emt 0:01:00]} Bc5 {[%emt 0:07:09]} 16. Qd2 {[%emt 0:09:51]} Qg6 {[%emt 0:03:41]} 17. Kh1 {[%emt 0:01:05]} Rad8 {[%emt 0:03:05]} 18. Rfe1 {[%emt 0:03:17]} a6 {[%emt 0:04:30]} 19. Bxf5 {[%emt 0:01:37]} Nxf5 {[%emt 0:00:42]} 20. Bxc5 {[%emt 0:00:20]} Nxc5 {[%emt 0:00:02]} 21. Nxe5 {[%emt 0:00:15]} Qf6 $16 {[%emt 0:04:53]} 22. Nf3 {[%emt 0:03:57]} Re6 {[%emt 0:03:28]} 23. Rxe6 {[%emt 0:02:03]} Nxe6 {[%emt 0:02:00]} 24. Ne4 {[%emt 0:00:17]} Qxb2 {[%emt 0:04:10]} 25. Re1 {[%emt 0:05:37]} Nfd4 {[%emt 0:01:29]} 26. Nxd4 {[%emt 0:01:23]} Qxd4 {[%emt 0:00:20]} 27. f3 {[%emt 0:01:07]} h6 28. Rb1 {[%emt 0:00:22]} Rd5 {[%emt 0:01:36]} 29. g3 {[%emt 0:02:06]} Rb5 {[%emt 0:00:22]} 30. Rxb5 {[%emt 0:04:22]} cxb5 {[%emt 0:00:03]} 31. Kg2 {[%emt 0:01:34]} Qa4 {[%emt 0:00:49]} 32. Nd6 {[%emt 0:00:35]} Nc5 {[%emt 0:00:33]} 33. Qc3 {[%emt 0:00:46]} Ne6 {[%emt 0:00:30]} 34. Nxb7 {[%emt 0:01:10]} Nd4 {[%emt 0:00:21]} 35. Nc5 {[%emt 0:08:18]} Qxc2+ {[%emt 0:00:24]} 36. Qxc2 {[%emt 0:00:04]} Nxc2 {[%emt 0:00:04]} 37. Nxa6 {[%emt 0:01:16]} b4 {[%emt 0:01:30]} 38. Nc5 {[%emt 0:00:14]} Nd4 {[%emt 0:00:10]} 39. a6 {[%emt 0:00:37]} Nb5 {[%emt 0:00:10]} 40. Kf2 {[%emt 0:00:59]} Kf8 {[%emt 0:00:20]} 41. Ke3 {[%emt 0:31:04]} Ke7 {[%emt 0:30:58]} 42. Nb3 {[%emt 0:00:00]} Ke6 {[%emt 0:00:00]} 43. Nd4+ {[%emt 0:00:00]} Kd5 1-0

[Event "GER-chT Youth Countries 2018"]
[Site "Wurzburg"]
[Date "2018.10.03"]
[Round "1"]
[White "Moenster, Madita"]
[Black "Kopylov, Daniel"]
[Result "0-1"]
[WhiteElo "1817"]
[BlackElo "2192"]
[Annotator "TA"]
[PlyCount "78"]
[EventDate "2018.10.03"]
[EventType "team-tourn"]
[EventCountry "GER"]
[SourceTitle "playchess.com"]
[Source "ChessBase"]
[SourceQuality "1"]

{[%evp 23,78,-3,-18,-31,-20,-64,0,-43,36,-68,-72,-56,-25,-39,0,-16,-34,-41,-43,-42,-50,-45,-31,-98,-95,-230,-18,-604,-604,-604,-543,-879,-867,-863,-852,-749,-201,-256,-91,-60,-3,-2,-7,-43,-49,-433,-416,-409,-32,-38,-14,-118,-137,-139,-92,-29996,-29997]} 1. e4 {Gofshtein,L} c5 2. Nf3 d6 3. d4 cxd4 4. Nxd4 Nf6 5. Nc3 Nc6 6. Bg5 e6 7. Qd2 Be7 8. O-O-O Nxd4 9. Qxd4 O-O 10. f4 Qa5 11. Bc4 Bd7 12. Kb1 {B65: Sicilian: Richter-Rauzer: 7...Be7 8 0-0-0 0-0 9 f4 Nxd4} (12. e5 dxe5 13. fxe5 Bc6 14. Bd2 Nd7 15. Nd5 Qc5 16. Nxe7+ Qxe7 17. Rhe1 Nb6 18. Bf1 Rfd8 19. Qf4 Rac8 20. Kb1 Ba4 21. b3 Qc5 22. c4 Rd4 23. Be3 Rxf4 24. Bxc5 Bc6 25. Kb2 h5 26. g3 {1-0 (39) Karjakin,S (2767)-Wang,H (2743) Stavanger 2013 CBM 155 [Szabo,Kr]}) 12... Bc6 {LiveBook: 4 Games} 13. Rde1 $146 ({Predecessor:} 13. Bb3 Rfd8 14. Rhe1 h6 15. Bh4 Qh5 16. Bg3 d5 17. exd5 Nxd5 18. Bxd5 Bf6 19. Qc5 Bxc3 20. Qxc3 Bxd5 {0-1 (43) Carlsen,M (2567)-Lugovoi,A (2540) Gausdal 2004 CBM 104 [Gofshtein,L]}) 13... h6 14. Bh4 {The position is equal.} Rfd8 (14... Rae8 $15 15. Bf2 b6) 15. Bb3 (15. f5 $5 {[%cal Rf5e6]}) 15... Qc7 (15... Qh5 $15 16. Bf2 d5 17. exd5 Nxd5 18. Nxd5 Bxd5 19. Bxd5 Rxd5) 16. Bf2 ({White should play} 16. f5 $14) 16... b5 $15 17. f5 e5 18. Qd3 Qb7 19. Rhg1 a5 {[%cal Ba7a5,Ba5a4][%mdl 32]} (19... b4 $5 20. Nd5 $8 Nxd5 21. Bxd5 Bxd5 22. Qxd5 Qxd5 23. exd5 a5 $15) 20. Nd5 a4 21. Nxf6+ Bxf6 22. Bd5 b4 23. Rd1 (23. g4 $15) 23... Ra5 $17 24. g4 (24. Qf3 $17) 24... Rc8 $2 (24... Bxd5 $19 25. exd5 b3 $1 {[%mdl 512]} 26. cxb3 axb3) 25. h4 $2 {[%mdl 8192]} (25. Bxc6 $11 Qxc6 26. h4) 25... Bxd5 $19 26. exd5 {next g5 is good for White.} e4 27. Qxe4 b3 28. cxb3 axb3 29. a3 {[#]} Qb5 $2 (29... Bxb2 $1 {[%mdl 512]} 30. Kxb2 Qa8) 30. Rc1 Re8 $2 (30... Rc2 $19 {is more deadly.} 31. Rxc2 bxc2+ 32. Qxc2 Bxb2 $1 {[%mdl 512]} 33. Qxb2 Qd3+ 34. Kc1 Rxa3) 31. Qc4 $17 Qxc4 $40 {[%mdl 128] Black has some attack.} (31... Re2 $15 32. Bd4 Bxh4) 32. Rxc4 $11 Rxd5 33. Re1 Rde5 34. Rd1 $2 {[%mdl 8192]} ({White has to play} 34. Rxe5 $15 Rxe5 35. Bg3) 34... Re2 $19 35. Bd4 {[#]} Re1 $2 (35... R2e4 $1 $19 36. Kc1 Be5) 36. Kc1 $1 $15 Bxh4 {( -> ...Bg5+)} 37. Bc3 (37. Rxe1 $11 {was the only way to keep the balance.} Bxe1 38. Bb6) 37... Bg5+ $17 38. Bd2 d5 39. Rb4 $2 {[%mdl 8192]} (39. Rc3 $17) 39... Rc8+ {Precision: White = 14%, Black = 36%.} 0-1

[Event "GER-chT Youth Countries 2018"]
[Site "Wurzburg"]
[Date "2018.10.03"]
[Round "1"]
[White "Werner, Denis"]
[Black "Schilay, Eva"]
[Result "1-0"]
[WhiteElo "1817"]
[BlackElo "1690"]
[Annotator "NA RC"]
[PlyCount "65"]
[EventDate "2018.10.03"]
[EventType "team-tourn"]
[EventCountry "GER"]
[SourceTitle "playchess.com"]
[Source "ChessBase"]
[SourceQuality "1"]
[TimeControl "40/5400+30:1800+30"]

1. e4 d6 2. d4 Nf6 3. Nc3 e5 4. dxe5 dxe5 5. Qxd8+ Kxd8 6. Bc4 Be6 7. Bxe6 fxe6 8. Be3 c6 9. O-O-O+ Kc7 10. f3 Nbd7 11. Nh3 h6 12. Nf2 Bc5 13. Bxc5 Nxc5 14. b4 Ncd7 15. Nd3 b5 16. a4 bxa4 17. Nxa4 a5 18. Nac5 Rhe8 19. c3 axb4 20. cxb4 Ra2 21. Rhg1 g5 22. h3 Re7 23. g4 Rh2 24. Rh1 Rxh1 25. Rxh1 Nxc5 26. bxc5 Nd7 27. Kd2 Re8 28. h4 Rg8 29. hxg5 hxg5 30. Rh6 Rf8 31. Ke3 Rf6 32. Rxf6 Nxf6 33. Nxe5 1-0

[Event "GER-chT Youth Countries 2018"]
[Site "Wurzburg"]
[Date "2018.10.03"]
[Round "1"]
[White "Bardorz, Jana"]
[Black "Hetzner, Hannes"]
[Result "0-1"]
[WhiteElo "1810"]
[BlackElo "1855"]
[Annotator "NA"]
[PlyCount "78"]
[EventDate "2018.10.03"]
[EventType "team-tourn"]
[EventCountry "GER"]
[SourceTitle "playchess.com"]
[Source "ChessBase"]
[SourceQuality "1"]
[TimeControl "40/5400+30:1800+30"]

1. e4 {[%emt 0:00:00]} e6 {[%emt 0:00:00]} 2. d4 {[%emt 0:00:00]} d5 {[%emt 0:00:00]} 3. Nd2 {[%emt 0:00:00]} Nf6 {[%emt 0:00:00]} 4. e5 {[%emt 0:00:00]} Nfd7 {[%emt 0:00:00]} 5. Bd3 {[%emt 0:00:21]} c5 {[%emt 0:00:07]} 6. c3 {[%emt 0:00:12]} Nc6 {[%emt 0:00:06]} 7. Ne2 {[%emt 0:01:05]} cxd4 {[%emt 0:00:08]} 8. cxd4 {[%emt 0:00:07]} f6 {[%emt 0:00:07]} 9. exf6 {[%emt 0:00:37]} Nxf6 {[%emt 0:00:16]} 10. Nf3 {[%emt 0:00:36]} Bd6 {[%emt 0:00:11]} 11. O-O {[%emt 0:00:49]} Qc7 {[%emt 0:01:04]} 12. Bg5 {[%emt 0:01:19]} O-O {[%emt 0:01:53]} 13. Bh4 {[%emt 0:01:43]} Nh5 {[%emt 0:08:04]} 14. Qc2 {[%emt 0:04:12]} h6 {[%emt 0:01:23]} 15. Bh7+ {[%emt 0:03:12] C06: French Tarrasch: 3...Nf6 4 e5 Nfd7 5 Bd3 main lines} Kh8 {[%emt 0:00:07]} 16. Bg6 {[%emt 0:00:07]} Nf4 {[%emt 0:20:02]} 17. Nxf4 {[%emt 0:07:59]} Bxf4 {[%emt 0:04:51]} (17... Rxf4 18. Bg3 Rxf3 19. gxf3 Qe7 20. Rad1 Bd7 21. Qc3 Rf8 22. Bb1 Kg8 {1-0 (41) Artemiev,V (2653)-Onischuk,V (2615) Martuni 2016}) 18. Bg3 {[%emt 0:04:01]} Bxg3 {[%emt 0:03:45]} 19. fxg3 $146 {[%emt 0:03:05]} ({Predecessor:} 19. hxg3 Qb6 20. Qd2 Rxf3 21. gxf3 Nxd4 22. Kg2 e5 {½-½ (92) Rasulov,V (2392)-Beheshtayeen,A (2178) Urumia 2008}) 19... Qb6 {[%emt 0:04:55]} 20. Ne5 {[%emt 0:12:38]} Rf6 {[%emt 0:20:34]} 21. Nf7+ {[%emt 0:10:20]} Kg8 {[%emt 0:01:38]} 22. Rxf6 {[%emt 0:07:55]} gxf6 {[%emt 0:01:02]} 23. Nxh6+ {[%emt 0:02:39]} Kg7 24. Be8 $11 {[%emt 0:05:54]} Qxd4+ {[%emt 0:04:27]} 25. Kh1 {[%emt 0:01:26]} Ne5 {[%emt 0:03:10]} 26. Rf1 {[%emt 0:08:03]} f5 {[%emt 0:07:05]} 27. Rf4 Qe3 28. Qd1 {[%emt 0:10:08]} Bd7 {[%emt 0:08:31]} 29. Bxd7 {[%emt 0:02:31]} Nxd7 {[%emt 0:00:24]} 30. Rxf5 {[%emt 0:02:01]} Ne5 {[%emt 0:08:59]} 31. h4 {[%emt 0:05:53]} Rc8 {[%emt 0:01:39]} 32. Rg5+ {[%emt 0:03:59]} Ng6 {[%emt 0:00:53]} 33. Ng4 {[%emt 0:01:47]} Qc1 {[%emt 0:00:34]} 34. Qxc1 {[%emt 0:00:06]} Rxc1+ {[%emt 0:00:06]} 35. Kh2 {[%emt 0:00:03]} Kf7 {[%emt 0:00:35]} 36. h5 {[%emt 0:00:24]} Nf8 {[%emt 0:00:46]} 37. h6 {[%emt 0:01:15]} Ng6 {[%emt 0:00:33]} 38. Rh5 {[%emt 0:00:53]} Rc8 {[%emt 0:00:15]} 39. Nf2 {[%emt 0:01:21]} e5 {[%emt 0:00:38]} 0-1